The Science of Christmas Quiz Stats

 Plays Quiz Updated Dec 19, 2018

Support Sporcle.
Go Orange.
Score 0/25 Timer 06:00
1 Play Today
% Correct
Float
91.1%
Fahrenheit
91.1%
Millisecond
90.8%
Icicles
90.1%
Arabian Peninsula
90%
Thomas Edison
89.9%
Sound
89.7%
Trees
89.5%
Vessels
89.4%
Watts
88.9%
Pounds
88.5%
Komodo Dragons
88.4%
Tongue
88.2%
% Correct
Female
87.6%
Jupiter
86.4%
Mistletoe
85.7%
Cord
85.3%
Reindeer
85.3%
Climatologists
84.2%
Hydrocarbons
83.8%
Shapes
83.5%
Anthropologists
81.2%
Thermodynamics
79.7%
Bird
70.5%
Physics
68.3%

You're not logged in!

Compare scores with friends on all Sporcle quizzes.
OR
Log In
Forgot?

From the Vault

Drop a P

by mrsmith

Be sure to mind your P's and Q's, but especially the letter P. It's prone to falling off.
Remove Ads.
Support Sporcle.
Get the best of Sporcle when you Go Orange. This ad-free experience offers more features, more stats, and more fun while also helping to support Sporcle. Thank you for becoming a member.

Show Comments

Extras

Top Quizzes Today


Score Distribution

Your Account Isn't Verified!

In order to create a playlist on Sporcle, you need to verify the email address you used during registration. Go to your Sporcle Settings to finish the process.

Report this User

Report this user for behavior that violates our Community Guidelines.

Details: